[Event "Davos Amateur op"]
[Site "Davos"]
[Date "2024.08.02"]
[Round "1"]
[White "Delmonico, Nils"]
[Black "Gegner, Matthias"]
[Result "1-0"]
[WhiteElo "1933"]
[BlackElo "1606"]
[PlyCount "97"]
[EventDate "2024.08.02"]
[EventType "swiss"]
[EventRounds "5"]
[EventCountry "SUI"]
[SourceTitle "CBM 221 Extra"]
[Source "ChessBase"]
[SourceDate "2024.09.30"]
[SourceVersion "1"]
[SourceVersionDate "2024.09.30"]
[SourceQuality "1"]

1. c4 e6 2. Nf3 Nf6 3. g3 b6 4. Bg2 Bb7 5. 0-0 Be7 6. Nc3 0-0 7. d4 d5 8. cxd5 exd5 9. Bf4 c5 10. Rc1 c4 11. b3 a6 12. Ne5 b5 13. bxc4 b4 14. Nxd5 Nxd5 15. cxd5 Bxd5 16. Qd2 Bxg2 17. Kxg2 Qd5+ 18. f3 Rd8 19. Rfd1 f6 20. Nc4 Nd7 21. e4 Qb5 22. Ne3 Nb6 23. Bc7 Rd7 24. Bxb6 Qxb6 25. Nd5 Qb7 26. Qc2 Bd6 27. Qc6 Qxc6 28. Rxc6 Raa7 29. Rdc1 a5 30. Kf1 a4 31. Ke2 b3 32. axb3 axb3 33. Rb1 Rab7 34. Kd3 b2 35. Rb6 Rxb6 36. Nxb6 Rb7 37. Rxb2 Bc7 38. Nc4 Rxb2 39. Nxb2 Kf7 40. Nc4 Ke6 41. f4 h5 42. d5+ Kd7 43. e5 fxe5 44. fxe5 g5 45. h3 Bb8 46. g4 hxg4 47. hxg4 Ke7 48. Ke4 Kf7 49. Kf5 1-0